Statistics for European History by Letter C

Click here to take the quiz!

General Stats

  • This quiz has been taken 145 times
  • The average score is 13 of 15

Answer Stats

HintAnswer% Correct
WWII British prime ministerWintson Churchill
99%
Discovered the New WorldChristopher Colombus
99%
Period of tension between the Soviet Bloc and Western powers 1947-1991Cold War
98%
Second-oldest university in the United KingdomUniversity of Cambridge
96%
Site of 1986 nuclear power plant explosionChernobyl
95%
The first woman to be awarded a Nobel PrizeMarie Curie
93%
His last words were: "Et tu, Brute?"Julius Caesar
92%
Capital of the Ottoman EmpireConstantinople
89%
Region of Spain that declared independence in 2017Catalonia
88%
Former country in central Europe that split into two currently existing countries in 1993Czechoslovakia
87%
Symbolic building of RomeColosseum
84%
King of the Franks, first Holy Roman EmperorCharlemagne
84%
Lord Protector of EnglandOliver Cromwell
73%
Author of detective stories who created the characters Hercule Poirot and Miss MarpleAgatha Christie
72%
Author of L'ÉtrangerAlbert Camus
42%

Score Distribution

Percentile by Number Answered

Percent of People with Each Score

Your Score History

You have not taken this quiz